000 00420nam a2200157 a 4500
001 000029965
005 20200930055939.0
008 110427s1971 dr 000 0 spa d
040 _aDO-SdBNP
_bspa
_cBNPHU
082 _axxx
_bS961r
100 1 _aSuriñach, Ramón A.
_955823
245 1 0 _aRetorno /
_cRamón A. Suriñach.
260 _aSanto Domingo :
_bEnriquillo,
_c1971.
300 _a30 p. ;
_c22 cm.
049 _aBNPD
999 _c29457
_d29457